[Event "RUS-chT (Women)"]
[Site "Sochi"]
[Date "2007.05.02"]
[Round "2"]
[White "Lagno, Kateryna"]
[Black "Bistrikova, Elena V"]
[Result "1/2-1/2"]
[WhiteElo "2467"]
[BlackElo "2189"]
[PlyCount "118"]
[EventDate "2007.05.01"]
[EventType "team"]
[EventRounds "11"]
[EventCountry "RUS"]
[SourceTitle "CBM 118 Extra"]
[Source "ChessBase"]
[SourceDate "2007.07.04"]
[SourceVersion "1"]
[SourceVersionDate "2007.07.04"]
[SourceQuality "1"]

1. e4 d6 2. d4 Nf6 3. Nc3 e5 4. Nf3 exd4 5. Nxd4 Be7 6. g3 d5 7. e5 Ng4 8. e6 Nf6 9. exf7+ Kxf7 10. Bg2 Re8 11. 0-0 c6 12. Re1 Na6 13. Bg5 Nc7 14. Qd3 Kg8 15. h3 Nd7 16. Rxe7 Rxe7 17. Nf5 Nf6 18. Nxe7+ Qxe7 19. a3 Bd7 20. Be3 b6 21. a4 Qb4 22. b3 Rd8 23. Bd2 Qf8 24. a5 b5 25. Be3 a6 26. Bb6 Rc8 27. Bxc7 Rxc7 28. Qd4 Qd6 29. Rd1 Bf5 30. Rd2 Re7 31. Kh2 Qe5 32. Ne2 Ne4 33. Qxe5 Rxe5 34. Bxe4 Bxe4 35. b4 Bf5 36. Nd4 Bd7 37. Re2 Rxe2 38. Nxe2 Kf7 39. Nd4 Ke7 40. g4 Kd6 41. Nb3 d4 42. Kg3 Kd5 43. Nc5 Bc8 44. Kf4 Kc4 45. Nd3 h5 46. gxh5 Bxh3 47. Ke4 Kc3 48. Nc5 Kxb4 49. Nxa6+ Kxa5 50. Nc5 Bg4 51. Kxd4 Kb6 52. c3 Bxh5 53. Ne6 g6 54. Nc5 Bg4 55. f4 Bf5 56. Nb3 Bc2 57. Nc5 Bf5 58. Nb3 Bc2 59. Nc5 Bf5 1/2-1/2

[Event "St Petersburg Rudenko Memorial (Women)"]
[Site "St Petersburg"]
[Date "2006.09.27"]
[Round "2"]
[White "Bistrikova, Elena V"]
[Black "Solovjova, Valentina"]
[Result "0-1"]
[WhiteElo "2208"]
[BlackElo "2265"]
[PlyCount "128"]
[EventDate "2006.08.26"]
[EventType "swiss"]
[EventRounds "9"]
[EventCountry "RUS"]
[SourceTitle "CBM 113 Extra"]
[Source "ChessBase"]
[SourceDate "2006.09.14"]
[SourceVersion "1"]
[SourceVersionDate "2006.09.14"]
[SourceQuality "1"]

1. d4 d5 2. c4 c6 3. Nf3 Nf6 4. e3 e6 5. Nbd2 Nbd7 6. Bd3 Bd6 7. 0-0 0-0 8. e4 e5 9. cxd5 cxd5 10. exd5 exd4 11. Ne4 Nxe4 12. Bxe4 Nf6 13. Qxd4 Nxe4 14. Qxe4 Re8 15. Qd4 Bf5 16. Bg5 Qb6 17. Qxb6 axb6 18. Nd4 Bd7 19. Rfd1 Bg4 20. f3 Bd7 21. Bh4 Ra5 22. Nb3 Ra4 23. Bf2 Re2 24. Bd4 h5 25. a3 h4 26. Re1 Rc2 27. Rac1 Rac4 28. Bc3 Rxc1 29. Nxc1 Bc5+ 30. Kh1 Bf5 31. Ne2 h3 32. b3 Rh4 33. g4 Rxg4 34. Ng3 Rf4 35. Be5 Rxf3 36. Nxf5 Rxf5 37. d6 Kh7 38. d7 Be7 39. Bd6 Bd8 40. Rd1 Kg6 41. Kg1 Kf6 42. Rd3 Ke6 43. Bf8 g6 44. Rd6+ Ke5 45. Rd3 Ke4 46. Rxh3 Rd5 47. Kf2 Rd2+ 48. Ke1 Rxd7 49. Ke2 Bg5 50. Bb4 Bf4 51. Rh8 f5 52. h4 Bd6 53. Bxd6 Rxd6 54. Rh7 Kf4 55. Rxb7 Kg3 56. Rh7 f4 57. Rf7 Re6+ 58. Kf1 f3 59. h5 Rc6 60. Ke1 g5 61. a4 g4 62. b4 Kg2 63. a5 bxa5 64. bxa5 g3 0-1

[Event "St Petersburg Rudenko Memorial (Women)"]
[Site "St Petersburg"]
[Date "2006.09.01"]
[Round "7"]
[White "Bistrikova, Elena V"]
[Black "Efremova, Daria"]
[Result "1-0"]
[WhiteElo "2208"]
[BlackElo "1995"]
[PlyCount "87"]
[EventDate "2006.08.26"]
[EventType "swiss"]
[EventRounds "9"]
[EventCountry "RUS"]
[SourceTitle "CBM 113 Extra"]
[Source "ChessBase"]
[SourceDate "2006.09.14"]
[SourceVersion "1"]
[SourceVersionDate "2006.09.14"]
[SourceQuality "1"]

1. d4 Nf6 2. Nf3 g6 3. c4 Bg7 4. Nc3 0-0 5. g3 d6 6. Bg2 Nbd7 7. 0-0 e5 8. e3 Re8 9. b3 c6 10. Bb2 e4 11. Nd2 Qe7 12. Ndxe4 Nxe4 13. Nxe4 Nf6 14. Nxf6+ Qxf6 15. Qf3 Bf5 16. Rfe1 Re7 17. e4 Rae8 18. e5 dxe5 19. Rxe5 Rxe5 20. dxe5 Qd8 21. Qe3 Qb8 22. Re1 f6 23. Be4 Bxe4 24. Qxe4 fxe5 25. f4 Qd6 26. Bxe5 Qc5+ 27. Kg2 Qa3 28. Re2 Qc5 29. Qe3 Qxe3 30. Rxe3 Bxe5 31. Rxe5 Rd8 32. Re7 Rd2+ 33. Kh3 Rxa2 34. Rxb7 a5 35. Kg4 Rxh2 36. Kg5 Rh5+ 37. Kf6 Rf5+ 38. Ke6 a4 39. bxa4 Ra5 40. Rb6 c5 41. Kf6 Ra8 42. a5 Rf8+ 43. Ke6 h5 44. a6 1-0

[Event "St Petersburg White Nights op"]
[Site "St Petersburg"]
[Date "2006.07.01"]
[Round "9"]
[White "Bistrikova, Elena V"]
[Black "Nikologorsky, Matfei"]
[Result "1-0"]
[WhiteElo "2191"]
[BlackElo "2075"]
[PlyCount "81"]
[EventDate "2006.06.23"]
[EventType "swiss"]
[EventRounds "9"]
[EventCountry "RUS"]
[SourceTitle "CBM 112 Extra"]
[Source "ChessBase"]
[SourceDate "2006.07.14"]
[SourceVersion "1"]
[SourceVersionDate "2006.07.14"]
[SourceQuality "1"]

1. d4 d5 2. c4 c6 3. Nf3 Nf6 4. e3 Bf5 5. Nc3 e6 6. Nh4 Bg6 7. Qb3 Qc7 8. Nxg6 hxg6 9. Bd2 Nbd7 10. cxd5 exd5 11. 0-0-0 Bd6 12. h3 b5 13. Kb1 Qb6 14. Bd3 0-0 15. g4 a5 16. Rdg1 a4 17. Qd1 a3 18. b3 b4 19. Ne2 c5 20. h4 cxd4 21. exd4 Ne4 22. Bxe4 dxe4 23. h5 Be7 24. g5 Rfd8 25. Rh4 gxh5 26. Rxh5 g6 27. Rh4 Bf8 28. Rxe4 Rac8 29. Rh1 Qb5 30. Rh3 Qf5 31. Qh1 Bg7 32. Bxb4 Qxg5 33. Bxa3 Nf6 34. Ree3 Qf5+ 35. Ka1 Nd5 36. Re5 Qc2 37. Bb2 Nb4 38. d5 Ra8 39. Rh8+ Bxh8 40. Qxh8+ Kxh8 41. Rh5+ 1-0

[Event "St Petersburg White Nights op"]
[Site "St Petersburg"]
[Date "2006.06.28"]
[Round "6"]
[White "Gershun, Dmitry"]
[Black "Bistrikova, Elena V"]
[Result "1/2-1/2"]
[WhiteElo "2039"]
[BlackElo "2191"]
[PlyCount "158"]
[EventDate "2006.06.23"]
[EventType "swiss"]
[EventRounds "9"]
[EventCountry "RUS"]
[SourceTitle "CBM 112 Extra"]
[Source "ChessBase"]
[SourceDate "2006.07.14"]
[SourceVersion "1"]
[SourceVersionDate "2006.07.14"]
[SourceQuality "1"]

1. e4 c6 2. d4 d5 3. Nc3 dxe4 4. Nxe4 Bf5 5. Ng3 Bg6 6. h4 h6 7. Nf3 Nf6 8. Ne5 Bh7 9. Bd3 Nbd7 10. Bxh7 Nxe5 11. Bf5 Ned7 12. c3 e6 13. Bc2 c5 14. 0-0 cxd4 15. Qxd4 Bc5 16. Qa4 0-0 17. Ne4 Be7 18. Nxf6+ Nxf6 19. Be3 Qd5 20. Rad1 Qh5 21. g3 g6 22. Qf4 Kg7 23. Bd4 g5 24. Qe4 Rg8 25. hxg5 hxg5 26. Kg2 g4 27. Rh1 Qb5 28. Qxg4+ Kf8 29. Qf3 e5 30. Be3 Ng4 31. Bb3 Qc6 32. Bd5 Qf6 33. Qe4 Nxe3+ 34. fxe3 Qg6 35. Qxg6 Rxg6 36. Rdf1 Rd8 37. Rxf7+ Ke8 38. Rhh7 Rxd5 39. Rxe7+ Kf8 40. Rxb7 Kg8 41. Rhd7 Rxd7 42. Rxd7 Rb6 43. Rxa7 Rxb2+ 44. Kf3 Rc2 45. Re7 Rxc3 46. Rxe5 Ra3 47. Re7 Rxa2 48. Kf4 Kf8 49. Rb7 Rf2+ 50. Kg4 Re2 51. Kf3 Re1 52. Kf2 Ra1 53. g4 Rc1 54. e4 Rc3 55. Rb1 Kf7 56. Re1 Kf6 57. Re3 Rc2+ 58. Kf3 Rc1 59. Kf4 Rf1+ 60. Rf3 Re1 61. g5+ Kg6 62. Rg3 Rf1+ 63. Ke5 Ra1 64. Ke6 Ra6+ 65. Ke5 Ra5+ 66. Kf4 Ra1 67. Rg4 Rf1+ 68. Ke5 Ra1 69. Rg3 Ra5+ 70. Kf4 Ra1 71. Rd3 Rf1+ 72. Ke5 Rg1 73. Rd8 Rxg5+ 74. Ke6 Kg7 75. e5 Rg6+ 76. Ke7 Ra6 77. e6 Ra7+ 78. Ke8 Kf6 79. Rd6 Re7+ 1/2-1/2

[Event "St Petersburg White Nights op"]
[Site "St Petersburg"]
[Date "2006.06.25"]
[Round "3"]
[White "Bistrikova, Elena V"]
[Black "Kazakevich, Grigoriy"]
[Result "0-1"]
[WhiteElo "2191"]
[BlackElo "2113"]
[PlyCount "152"]
[EventDate "2006.06.23"]
[EventType "swiss"]
[EventRounds "9"]
[EventCountry "RUS"]
[SourceTitle "CBM 112 Extra"]
[Source "ChessBase"]
[SourceDate "2006.07.14"]
[SourceVersion "1"]
[SourceVersionDate "2006.07.14"]
[SourceQuality "1"]

1. d4 Nf6 2. Nf3 d6 3. c4 g6 4. Nc3 Bg7 5. e4 Nbd7 6. Be2 e5 7. 0-0 0-0 8. Re1 Re8 9. d5 Nc5 10. Qc2 a5 11. b3 Nh5 12. h3 Nf4 13. Rb1 f5 14. Bxf4 exf4 15. Nd2 Bxc3 16. Qxc3 fxe4 17. Bg4 Bxg4 18. hxg4 Qh4 19. Qd4 Re5 20. a3 Rae8 21. b4 axb4 22. axb4 e3 23. fxe3 Rxe3 24. Rxe3 fxe3 25. bxc5 Qf2+ 26. Kh2 Qxd2 27. Qf4 Qc3 28. cxd6 cxd6 29. Rxb7 Qe5 30. Qxe5 Rxe5 31. Rb1 Re4 32. Re1 Rxc4 33. Rxe3 Rd4 34. Re7 Rxd5 35. Rd7 h6 36. Kg3 Rd3+ 37. Kf4 Rd4+ 38. Kf3 d5 39. Kg3 g5 40. Rd6 Kg7 41. Rd7+ Kf6 42. Rh7 Rd3+ 43. Kf2 Ke5 44. g3 Rd2+ 45. Ke3 Rh2 46. Re7+ Kd6 47. Rh7 Rh1 48. Kd4 Rd1+ 49. Ke3 Re1+ 50. Kd2 Re4 51. Rxh6+ Ke5 52. Ra6 Rxg4 53. Ra3 Re4 54. Rf3 Ra4 55. Rf8 Rg4 56. Rf3 d4 57. Kd3 Re4 58. Kd2 Kd5 59. Rf8 Re3 60. Rf5+ Re5 61. Rf3 Ke4 62. Ke2 Ra5 63. Rb3 Ra2+ 64. Ke1 g4 65. Rb8 Ke3 66. Re8+ Kf3 67. Rd8 Ra4 68. Kd2 Kxg3 69. Ke2 Kg2 70. Ke1 g3 71. Ke2 Ra7 72. Rxd4 Re7+ 73. Kd2 Kf2 74. Rf4+ Kg1 75. Rf8 g2 76. Rg8 Rh7 0-1

[Event "RUS-chT (Women) 7th"]
[Site "Sochi"]
[Date "2006.04.24"]
[Round "5"]
[White "Severiukhina, Zoja"]
[Black "Bistrikova, Elena V"]
[Result "1-0"]
[WhiteElo "2189"]
[BlackElo "2191"]
[PlyCount "115"]
[EventDate "2006.04.20"]
[EventType "team"]
[EventRounds "11"]
[EventCountry "RUS"]
[SourceTitle "CBM 111 Extra"]
[Source "ChessBase"]
[SourceDate "2006.05.09"]
[SourceVersion "1"]
[SourceVersionDate "2006.05.09"]
[SourceQuality "1"]

1. e4 c6 2. d4 d5 3. e5 c5 4. dxc5 e6 5. a3 Bxc5 6. b4 Bb6 7. Nf3 a5 8. Bb2 axb4 9. axb4 Rxa1 10. Bxa1 Nc6 11. b5 Na5 12. Nc3 Ne7 13. Bd3 Ng6 14. Na4 Bc7 15. Qd2 0-0 16. h4 Nc4 17. Bxc4 dxc4 18. Qxd8 Rxd8 19. b6 Bb8 20. h5 Nf4 21. g3 Bd7 22. gxf4 Bxa4 23. Nd4 Rd5 24. Rh3 Ra5 25. Ra3 Ra6 26. Kd2 Bd7 27. Rxa6 bxa6 28. Kc3 f6 29. Kxc4 fxe5 30. fxe5 Bxe5 31. Kc5 Kf7 32. Nc6 Bxa1 33. b7 Bxc6 34. b8Q Be4 35. Qa7+ Kf6 36. Qxa6 Be5 37. Qe2 Bf5 38. c4 g6 39. hxg6 Bxg6 40. Kb6 h5 41. c5 Bd4 42. Kb5 Ke7 43. Qd2 Be8+ 44. Kb6 e5 45. Qg5+ Ke6 46. f3 Bf2 47. Qh6+ Ke7 48. Qd6+ Kf7 49. Qxe5 h4 50. Kb7 Bg3 51. Qf5+ Kg7 52. c6 Bg6 53. Qd7+ Kf6 54. c7 Bf5 55. Qd4+ Kg5 56. c8Q Bxc8+ 57. Kxc8 Bf4 58. Qg7+ 1-0

[Event "RUS-chT (Women) 7th"]
[Site "Sochi"]
[Date "2006.04.23"]
[Round "4"]
[White "Bistrikova, Elena V"]
[Black "Chistiakova, Tamara"]
[Result "1/2-1/2"]
[WhiteElo "2191"]
[BlackElo "2351"]
[PlyCount "130"]
[EventDate "2006.04.20"]
[EventType "team"]
[EventRounds "11"]
[EventCountry "RUS"]
[SourceTitle "CBM 111 Extra"]
[Source "ChessBase"]
[SourceDate "2006.05.09"]
[SourceVersion "1"]
[SourceVersionDate "2006.05.09"]
[SourceQuality "1"]

1. d4 d5 2. c4 dxc4 3. e3 e6 4. Bxc4 a6 5. Nf3 c5 6. 0-0 Nf6 7. Bb3 Nc6 8. Nc3 cxd4 9. exd4 Be7 10. Bg5 0-0 11. Qd2 Na5 12. Bc2 b5 13. Qf4 Bb7 14. Rfd1 Rc8 15. Rac1 Nc4 16. b3 Nb6 17. Bxf6 Bxf6 18. Ne4 Bxe4 19. Qxe4 g6 20. Qe1 Qd6 21. Be4 Qa3 22. Qd2 Rfd8 23. Rxc8 Nxc8 24. h4 Ne7 25. h5 Nd5 26. Ne5 Nc3 27. Qxc3 Bxe5 28. Rd3 Bf6 29. Qd2 Rc8 30. g3 Qc1+ 31. Kg2 gxh5 32. Bb7 Qxd2 33. Rxd2 Rd8 34. Bxa6 b4 35. Be2 Rd5 36. Bf3 Rxd4 37. Rxd4 Bxd4 38. Bxh5 Kg7 39. f4 f6 40. Kf3 Kf8 41. Ke4 Bf2 42. g4 Bh4 43. Kd3 Ke7 44. Kc4 Be1 45. g5 Bd2 46. g6 hxg6 47. Bxg6 f5 48. Bh5 Kf6 49. Bf3 Bxf4 50. Kxb4 e5 51. Kc3 e4 52. Bg2 Ke5 53. Kc2 Bg5 54. Kd1 Kf4 55. Ke2 Kg3 56. Kf1 Be7 57. a4 Bb4 58. Bh1 Kh2 59. Bf3 exf3 60. Kf2 Kh3 61. Kxf3 Bd6 62. a5 Kh4 63. a6 Bb8 64. a7 Bxa7 65. Kf4 Bb6 1/2-1/2

[Event "St Petersburg Rudenko Memorial (Women)"]
[Site "St Petersburg"]
[Date "2005.08.23"]
[Round "4"]
[White "Bistrikova, Elena V"]
[Black "Sorokina, Anastasia1"]
[Result "1/2-1/2"]
[WhiteElo "2171"]
[BlackElo "2084"]
[PlyCount "114"]
[EventDate "2005.08.20"]
[EventType "swiss"]
[EventRounds "9"]
[EventCountry "RUS"]
[SourceTitle "CBM 107 Extra"]
[Source "ChessBase"]
[SourceDate "2005.09.01"]
[SourceVersion "1"]
[SourceVersionDate "2005.09.01"]
[SourceQuality "1"]

1. d4 Nf6 2. Nf3 g6 3. c4 Bg7 4. Nc3 d6 5. e4 0-0 6. Be2 e5 7. Be3 Nbd7 8. 0-0 h6 9. dxe5 dxe5 10. Nd2 Nh7 11. c5 f5 12. f3 f4 13. Bf2 Kh8 14. Nc4 g5 15. b4 c6 16. Qb3 Ndf6 17. Nd6 Qe7 18. Bc4 g4 19. Nf7+ Rxf7 20. Bxf7 Ng5 21. Bc4 gxf3 22. Rfe1 fxg2 23. Kxg2 Bh3+ 24. Kh1 Ng4 25. Bh4 Nf3 26. Ne2 Nxh4 27. Ng3 Bg2+ 28. Kg1 Nf3+ 29. Kxg2 Nxe1+ 30. Rxe1 fxg3 31. Qxg3 Nf6 32. Qg6 Qd7 33. Kh1 Qg4 34. Qf7 Qf3+ 35. Kg1 Rf8 36. Qg6 Qg4+ 37. Qxg4 Nxg4 38. a4 Nf6 39. Be6 Rd8 40. b5 Bf8 41. bxc6 Bxc5+ 42. Kg2 bxc6 43. Rc1 Rd2+ 44. Kh3 Nxe4 45. Bf5 Ng5+ 46. Kg4 Rg2+ 47. Kh5 Nf7 48. h4 Nd6 49. Bh3 Rg3 50. Rxc5 Rxh3 51. Rxc6 Rd3 52. Kg6 Rg3+ 53. Kf6 Rf3+ 54. Kxe5 Nf7+ 55. Ke4 Rh3 56. Kf5 Rxh4 57. Ra6 Rb4 1/2-1/2

[Event "St Petersburg White Nights op"]
[Site "St Petersburg"]
[Date "2005.06.20"]
[Round "3"]
[White "Vitiugov, Nikita"]
[Black "Bistrikova, Elena V"]
[Result "1-0"]
[WhiteElo "2482"]
[BlackElo "2177"]
[PlyCount "97"]
[EventDate "2005.06.18"]
[EventType "swiss"]
[EventRounds "9"]
[EventCountry "RUS"]
[SourceTitle "CBM 106 Extra"]
[Source "ChessBase"]
[SourceDate "2005.07.01"]
[SourceVersion "1"]
[SourceVersionDate "2005.07.01"]
[SourceQuality "1"]

1. e4 c6 2. d4 d5 3. e5 c5 4. dxc5 e6 5. a3 Nc6 6. Nf3 Bxc5 7. b4 Bb6 8. Bd3 f6 9. Bb2 fxe5 10. Nxe5 Qf6 11. 0-0 Nxe5 12. Qh5+ Qf7 13. Qxe5 Nf6 14. Nd2 0-0 15. Nf3 Ng4 16. Qg3 e5 17. Bxh7+ Kxh7 18. Ng5+ Kg8 19. Nxf7 Rxf7 20. Kh1 e4 21. f3 Ne3 22. Qg5 Nxf1 23. Rxf1 Be6 24. c4 dxc4 25. Qe5 Re8 26. Qxe4 Bd8 27. h3 b5 28. Rd1 Bf6 29. Qc6 Bd7 30. Rxd7 Bxb2 31. Qd5 Ref8 32. Rxa7 c3 33. Rc7 g6 34. Rc6 Kh7 35. Qxb5 Re7 36. Qg5 Rg7 37. Qh4+ Kg8 38. Rxc3 Bxc3 39. Qc4+ Kh7 40. Qxc3 Ra8 41. b5 Rga7 42. Kh2 Rxa3 43. Qc7+ Kh6 44. b6 Rb3 45. b7 Rf8 46. h4 Rb5 47. g4 Rh8 48. Kh3 Rb4 49. Qd7 1-0

[Event "RUS-chT (Women)"]
[Site "Sochi"]
[Date "2005.04.??"]
[Round "6"]
[White "Bistrikova, Elena V"]
[Black "Ubiennykh, Ekaterina"]
[Result "1/2-1/2"]
[WhiteElo "2177"]
[BlackElo "2327"]
[PlyCount "118"]
[EventDate "2005.04.19"]
[EventType "team"]
[EventRounds "11"]
[EventCountry "RUS"]
[SourceTitle "CBM 105 Extra"]
[Source "ChessBase"]
[SourceDate "2005.05.01"]
[SourceVersion "1"]
[SourceVersionDate "2005.05.01"]
[SourceQuality "1"]

1. d4 Nf6 2. Nf3 g6 3. c4 Bg7 4. Nc3 0-0 5. e4 d6 6. Be2 e5 7. Be3 Ng4 8. Bg5 f6 9. Bc1 Nc6 10. d5 Ne7 11. h3 Nh6 12. h4 Nf7 13. h5 g5 14. Qc2 h6 15. g4 c6 16. Nh2 Bd7 17. Nf1 Qc7 18. Ne3 Rfc8 19. 0-0 Be8 20. Bd2 Kh8 21. Rfc1 Nd8 22. b4 a5 23. a3 b6 24. Qd3 axb4 25. axb4 c5 26. bxc5 bxc5 27. Bd1 Ra7 28. Rxa7 Qxa7 29. Rc2 Ra8 30. Rb2 Bf8 31. Qb1 Nc8 32. Ra2 Qb8 33. Qxb8 Rxb8 34. Ba4 Bxa4 35. Rxa4 Kg8 36. Nb5 Kf7 37. Ra6 Ke8 38. Ba5 Kd7 39. Nf5 Nf7 40. Kg2 Nh8 41. Rc6 Nf7 42. Ra6 Be7 43. Kf3 Bf8 44. Ke3 Be7 45. Kd3 Bf8 46. Kc3 Be7 47. Rc6 Rb7 48. Ra6 Rb8 49. Kc2 Bf8 50. Kb3 Be7 51. Ka4 Bf8 52. f3 Be7 53. Bc7 Rb7 54. Ka5 Bf8 55. Bb6 Be7 56. Nxe7 Kxe7 57. Na7 Nxa7 58. Rxa7 Rxa7+ 59. Bxa7 Kd7 1/2-1/2

[Event "St Petersburg-ch (Women)"]
[Site "St Petersburg"]
[Date "2005.02.16"]
[Round "2"]
[White "Ivanova, Tatiana"]
[Black "Bistrikova, Elena V"]
[Result "1-0"]
[WhiteElo "2206"]
[BlackElo "2185"]
[PlyCount "57"]
[EventDate "2005.02.15"]
[EventType "swiss"]
[EventRounds "9"]
[EventCountry "RUS"]
[SourceTitle "EXT 2006"]
[Source "ChessBase"]
[SourceDate "2005.11.24"]
[SourceVersion "1"]
[SourceVersionDate "2005.11.24"]
[SourceQuality "1"]

1. d4 d5 2. Nf3 c6 3. Bf4 Qb6 4. Qc1 Nf6 5. Nbd2 Bf5 6. c4 Nbd7 7. e3 h6 8. Be2 e6 9. c5 Qd8 10. 0-0 Be7 11. b4 Ne4 12. b5 g5 13. bxc6 bxc6 14. Be5 f6 15. Bg3 h5 16. Nxe4 Bxe4 17. Nd2 h4 18. Nxe4 dxe4 19. Bd6 Qa5 20. Bc4 Bxd6 21. cxd6 Qf5 22. f3 exf3 23. Rxf3 Qe4 24. Qb1 Qxb1+ 25. Rxb1 Kf7 26. Rb7 Rhd8 27. e4 Rab8 28. Rfb3 a5 29. Rxd7+ 1-0